000 00568cam a22002291 4500
001 sa 64002895
003 DLC
005 20260227112013.0
008 890711s1962 ii c 000 0 telo
010 _asa 64002895
035 _a(OCoLC)19993021
040 _aDLC
_cWaU
_dDLC
042 _apremarc
043 _aa-ii---
050 0 0 _aDS485.A55
_bV4
100 1 _aVenkatanarasaiah, Jasti,
_d1910-
245 1 0 _aĀndhra sēvakulu.
260 _c1962.
300 _a86 p.
_bports.
_c18 cm.
500 _aIn Telugu.
651 0 _aAndhra Pradesh (India)
_vBiography.
999 _c57580
_d57580